財政力指数TOP30 - Statistics

General Stats
  • This quiz has been taken 9 times
  • The average score is 21 of 31
Answer Stats
順位 都道府県 要因 Answer % Correct
7位 千葉県 工業・テーマパーク 浦安市
100%
9位 愛知県 工業 豊田市
100%
4位 長野県 リゾート 軽井沢町
88%
1位 愛知県 工業・エネルギー 飛島村
75%
2位 青森県 エネルギー 六ヶ所村
75%
5位 北海道 エネルギー 泊村
75%
9位 愛知県 工業 みよし市
75%
11位 神奈川県 リゾート 箱根町
75%
12位 山梨県 リゾート 山中湖村
75%
13位 茨城県 エネルギー 東海村
75%
14位 茨城県 工業・エネルギー 神栖市
75%
17位 三重県 エネルギー 川越町
75%
18位 千葉県 空港 成田市
75%
23位 東京都 企業 港区
75%
28位 山梨県 工業 昭和町
75%
28位 愛知県 工業・空港・自衛隊 小牧市
75%
30位 東京都 工業・公営競技場 府中市
75%
3位 福島県 エネルギー 大熊町
63%
6位 大阪府 空港 田尻町
63%
15位 静岡県 工業 長泉町
63%
16位 愛知県 工業 刈谷市
63%
19位 新潟県 エネルギー 刈羽村
63%
20位 山梨県 工業 忍野村
63%
21位 愛知県 工業 安城市
63%
22位 愛知県 工業 東海市
63%
25位 福岡県 工業・空港 苅田町
63%
7位 東京都 商業施設 武蔵野市
50%
30位 神奈川県 企業 厚木市
50%
24位 愛知県 工業・エネルギー 碧南市
38%
26位 福島県 工業・エネルギー 広野町
38%
26位 埼玉県 工業・公営競技場 戸田市
38%
No matching quizzes found
Score Distribution
Percent of People with Each Score
Percentile by Number Answered
Your Score History
You have not taken this quiz